Knowing our lands and resources : (Registro nro. 19518)

Detalles MARC
000 -CABECERA
Campo de control 01233nam a2200289 a 4500
005 - FECHA Y HORA DE LA ULTIMA TRANSACCION
Campo de control 20170531164418.0
008 - ELEMENTOS DE LONGITUD FIJA—INFORMACION GENERAL
Campo de control 170531b2017 fr ado||r|||| 10| 0 eng d
020 ## - ISBN
ISBN 9789231002106
040 ## - FUENTE DE CATALOGACIÓN
Agencia catalogadora original CO-BoIAVH
Agencia transcriptora CO-BoIAVH
041 0# - IDIOMA
Código de idioma para texto/pista de sonido o título separado Inglés
044 ## - PAÍS DE PUBLICACIÓN
País de publicación Francia
082 04 - NUMERO DE CLASIFICACION DECIMAL DEWEY
Número de clasificación 577.076
Número del ítem K73l
245 00 - MENCION DE TITULO
Título Knowing our lands and resources :
Parte restante del título Indigenous and local knowledge of biodiversity and ecosystem services in Europe and Central Asia
Mención de responsabilidad editado por Marie Roué y Zsolt Molnár
260 ## - PUBLICACION, DISTRIBUCION, ETC. (PIE DE IMPRENTA)
Lugar de publicación, distribución, etc. París (Francia) :
Nombre del editor, distribuidor, etc. UNESCO,
Fecha de publicación, distribución, etc. 2017.
300 ## - DESCRIPCION FISICA
Extensión 148 páginas :
Otros detalles físicos ilustraciones, tablas y fotografías a color ;
Dimensiones 30 x 21 cm.
490 0# - MENCION DE SERIE
Mención de serie Knowledges of Nature ;
Designación numérica/secuencial del volumen 9
500 ## - NOTA GENERAL
Nota general Incluye anexos.
504 ## - NOTA DE BIBLIOGRAFIA, ETC.
Nota de bibliografía Incluye referencias bibliográficas.
650 26 - ASIENTO SECUNDARIO DE MATERIA - TERMINO TEMATICO
Término temático o nombre geográfico como elemento de entrada Biodiversidad
Subdivisión general Conocimiento indígena
Subdivisión de forma Congresos, conferencias, etc.
9 (RLIN) 81790
650 26 - ASIENTO SECUNDARIO DE MATERIA - TERMINO TEMATICO
Término temático o nombre geográfico como elemento de entrada Servicios de los ecosistemas
Subdivisión general Conocimiento indígena
Subdivisión de forma Congresos, conferencias, etc.
9 (RLIN) 81791
651 #6 - ASIENTO SECUNDARIO DE MATERIA - NOMBRE GEOGRAFICO
Nombre geográfico Europa
9 (RLIN) 19263
651 #6 - ASIENTO SECUNDARIO DE MATERIA - NOMBRE GEOGRAFICO
Nombre geográfico Asia central
9 (RLIN) 81792
700 1# - ASIENTO SECUNDARIO - NOMBRE PERSONAL
Nombre personal Roué, M.
Término de relación editora
9 (RLIN) 44098
700 1# - ASIENTO SECUNDARIO - NOMBRE PERSONAL
Nombre personal Molnár, Zsoult
Término de relación editor
9 (RLIN) 81788
710 2# - ASIENTO SECUNDARIO - NOMBRE CORPORATIVO
Nombre corporativo o de jurisdicción como elemento de entrada Organización de las Naciones Unidas para la Educación, la Ciencia y la Cultura - UNESCO
9 (RLIN) 81793
942 ## - ELEMENTOS ADICIONALES (KOHA)
Sistema de clasificación Dewey Decimal Classification
Tipo de ítem Libro
Existencias
Withdrawn status Lost status Sistema de Clasificación Damaged status No para préstamo Colección Inventariado Ubicación Permanente Ubicación actual Fecha de adquisición Fuente de Valor Valor Total Checkouts Número topográfico Inventario / Código de Barras Date last seen Ejemplar Price effective from Forma de adquisición Tipo de material
    Dewey Decimal Classification     General Inventariado 2017 Bogotá Bogotá 31/05/2017 Instituto 39000.00   LB-577.076 K73l 041318 31/05/2017 Ej. 1 31/05/2017 Donación Libro
    Dewey Decimal Classification     General   Bogotá Bogotá 06/11/2019       LB-577.076 K73l 043689 06/11/2019 Ej.3 06/11/2019 Donación Libro
    Dewey Decimal Classification     General Inventariado 2017 Sala Fabio Quevedo Sala Fabio Quevedo 21/09/2017 Instituto 39000.00   LB-577.076 K73l 041675 21/09/2017 Ej. 2 21/09/2017 Donación Libro